000 01926nam0a2200397 4500
001 RU\NLR\bibl\1035931
005 20260406141550.0
010 _a5-482-01321-9
010 _a978-5-482-01321-2
_93000
021 _aRU
_b2006-80145
_94064
035 _a(nilc)RSL-KNO-002996930
035 _a(NLR Aleph) 001023358
090 _a712622
_c712622
100 _a20061208d2007 |||y0rusy50 ca
101 0 _arus
102 _aRU
105 _aa zzzz|||||
106 _ar
200 1 _aБухгалтерский учет
_eучебник
_f[И. И. Бочкарева и др.]
_gпод ред. Я. В. Соколова
205 _a2-е изд., перераб. и доп.
210 _aМосква
_cПроспект
_d2007
_eМожайск (Моск.обл.)
_gМожайский полиграфкомбинат
215 _a771 с.
_cил.
_d22
300 _aАвт. указаны на обороте тит. л.
320 _aБиблиогр. в подстроч. примеч.
606 1 _aБухгалтерский учет
_jУчебники для высших учебных заведений
_yРоссийская Федерация
_92073607
_3RU\NLR\auth\661248526
610 0 _aЭкономика -- Учет -- Российская Федерация -- Бухгалтерский учет -- Учебник для высшей школы
686 _aУ052.9(2)20я73-1
_2rubbk
686 _aУ052.9(2)2я73
701 1 _4070
_8rus
_7ca
_aБочкарева
_bИ. И.
_cканд. экон. наук
_gИрина Ивановна
_3RU\NLR\auth\77108748
_991673
702 1 _4340
_7ca
_8rus
_aСоколов
_bЯ. В.
_cд-р экон. наук, бух. учёт
_f1938-2010
_gЯрослав Вячеславович
_3RU\NLR\auth\773462
_9113458
801 0 _aRU
_bРКП
_c20061208
_grcr
801 1 _aRU
_bРГБ
_c20061208
801 2 _aRU
_bNLR
_c20070125
_grcr
942 _cBOOK
980 _aNB